000 00807nam a2200253 i 4500
005 20220317000151.0
008 141031s2005 ck a gs 000 0 spa d
020 _a9589401929
040 _aCO-BoRNBP
_bspa
_cCO-BoRNBP
_erda
041 0 _aspa
082 0 4 _a796.24
_bF22r
110 1 _aFederación Colombiana de Tejo
_9128881
245 1 0 _aReglas oficiales de tejo
_cFederación Colombiana de Tejo
250 _aPrimera edición
264 1 _aArmenia
_bKinesis
_c2005
300 _a95 páginas
_bilustraciones en blanco y negro
_c22 cm
336 _atexto
_btxt
_2rdacontent
337 _asin mediación
_bn
_2rdamedia
338 _avolumen
_bnc
_2rdacarrier
650 1 4 _aDeportes
_xEnseñanza
_2LEMB
650 1 4 _aTejo
_xEstrategia y técnicas
_2LEMB
650 1 4 _aTejo
_xReglamentos
_2LEMB
942 _2ddc
_cBK
999 _c3285
_d3285